00267nam a2200109Ia 4500008004100000100002000041245001900061260000900080300002900089440002400118650001500142180117s9999 xx 000 0 und d aby Alex Vergara 4aThe BabyMakers c2017 a16-18 pages, 2017 May 14 aPhilippine Panorama aBABYMAKERS